NFL Madden 24 WR Ratings - Statistics

General Stats
  • This quiz has been taken 1,467 times
  • The average score is 10 of 15
Answer Stats
# Answer Rating % Correct
1 Justin Jefferson 99
97%
2 Tyreek Hill 99
93%
6 Ja’Marr Chase 94
81%
3 Davante Adams 97
80%
9 A.J. Brown 91
78%
4 Cooper Kupp 96
70%
5 Stefon Diggs 96
69%
8 CeeDee Lamb 92
68%
14 D.K. Metcalf 89
54%
15 Deebo Samuel 89
53%
10 Mike Evans 91
53%
12 DeAndre Hopkins 90
50%
11 Amari Cooper 90
49%
13 Keenan Allen 89
49%
7 Terry McLaurin 93
40%
No matching quizzes found
Score Distribution
Percent of People with Each Score
Percentile by Number Answered
Your Score History
You have not taken this quiz